The works of Lord Byron: with his letters and journals, and his life.

I tiakina i:
Ngā taipitopito rārangi puna kōrero
Kaituhi matua: Moore, Thomas (autor)
Hōputu: Pukapuka
Reo:Ingarihi
I whakaputaina: London, England, United Kingdom John Murray 1835
Ngā marau:
Ngā Tūtohu: Tāpirihia he Tūtohu
Kāore He Tūtohu, Me noho koe te mea tuatahi ki te tūtohu i tēnei pūkete!

MARC

LEADER 00000nam a2200000 a 4500
001 UCG2573
003 CL-VaPUC
005 20220311145431.0
008 100715e18350000UK |||||||||||||||||eng|d
999 |c 341712  |d 341710 
040 |c Pontificia Universidad Católica de Valparaíso 
082 0 4 |a 820 MOO 1835  |2 21 
100 |a Moore, Thomas  |e autor  |9 513863 
245 1 4 |a The works of Lord Byron: with his letters and journals, and his life. 
260 0 3 |a London, England, United Kingdom  |b John Murray  |c 1835 
300 |a v 
583 |a last modification  |c 20100715 00:00:00  |k Rodrigo Vera 
600 0 7 |a BYRON, GEORGE GORDON  |2 CL-VaPUC  |9 338721 
650 0 |a Literatura inglesa  |9 312907 
942 |c BK  |2 ddc 
945 |d 20100715 00:00:00  |a dcastane 
952 |0 0  |1 0  |4 0  |6 820_000000000000000_MOO_1835  |7 0  |8 X  |9 437378  |a FDOBUD  |b FDOBUD  |d 2019-11-22  |h v.1  |i 4686152  |o 820 MOO 1835  |p 4686152  |r 2019-11-22  |t 1  |w 2019-11-22  |y BK_X  |k BUD 
952 |0 0  |1 0  |4 0  |6 820_000000000000000_MOO_1835  |7 0  |8 X  |9 437379  |a FDOBUD  |b FDOBUD  |d 2019-11-22  |h v.2  |i 4686160  |o 820 MOO 1835  |p 4686160  |r 2019-11-22  |t 1  |w 2019-11-22  |y BK_X  |k BUD 
952 |0 0  |1 0  |4 0  |6 820_000000000000000_MOO_1835  |7 0  |8 X  |9 437380  |a FDOBUD  |b FDOBUD  |d 2019-11-22  |h v.3  |i 4686179  |o 820 MOO 1835  |p 4686179  |r 2019-11-22  |t 1  |w 2019-11-22  |y BK_X  |k BUD 
952 |0 0  |1 0  |4 0  |6 820_000000000000000_MOO_1835  |7 0  |8 X  |9 437381  |a FDOBUD  |b FDOBUD  |d 2019-11-22  |h v.4  |i 4686187  |o 820 MOO 1835  |p 4686187  |r 2019-11-22  |t 1  |w 2019-11-22  |y BK_X  |k BUD 
952 |0 0  |1 0  |4 0  |6 820_000000000000000_MOO_1835  |7 0  |8 X  |9 437382  |a FDOBUD  |b FDOBUD  |d 2019-11-22  |h v.5  |i 4686195  |o 820 MOO 1835  |p 4686195  |r 2019-11-22  |t 1  |w 2019-11-22  |y BK_X  |k BUD 
952 |0 0  |1 0  |4 0  |6 820_000000000000000_MOO_1835  |7 0  |8 X  |9 437383  |a FDOBUD  |b FDOBUD  |d 2019-11-22  |h v.6  |i 4686209  |o 820 MOO 1835  |p 4686209  |r 2019-11-22  |t 1  |w 2019-11-22  |y BK_X  |k BUD 
952 |0 0  |1 0  |4 0  |6 820_000000000000000_MOO_1835  |7 0  |8 X  |9 437384  |a FDOBUD  |b FDOBUD  |d 2019-11-22  |h v.7  |i 4686217  |o 820 MOO 1835  |p 4686217  |r 2019-11-22  |t 1  |w 2019-11-22  |y BK_X  |k BUD 
952 |0 0  |1 0  |4 0  |6 820_000000000000000_MOO_1835  |7 0  |8 X  |9 437385  |a FDOBUD  |b FDOBUD  |d 2019-11-22  |h v.8  |i 4686225  |o 820 MOO 1835  |p 4686225  |r 2019-11-22  |t 1  |w 2019-11-22  |y BK_X  |k BUD 
952 |0 0  |1 0  |4 0  |6 820_000000000000000_MOO_1835  |7 0  |8 X  |9 437386  |a FDOBUD  |b FDOBUD  |d 2019-11-22  |h v.9  |i 4686233  |o 820 MOO 1835  |p 4686233  |r 2019-11-22  |t 1  |w 2019-11-22  |y BK_X  |k BUD 
952 |0 0  |1 0  |4 0  |6 820_000000000000000_MOO_1835  |7 0  |8 X  |9 437387  |a FDOBUD  |b FDOBUD  |d 2019-11-22  |h v.10  |i 4686241  |o 820 MOO 1835  |p 4686241  |r 2019-11-22  |t 1  |w 2019-11-22  |y BK_X  |k BUD 
952 |0 0  |1 0  |4 0  |6 820_000000000000000_MOO_1835  |7 0  |8 X  |9 437388  |a FDOBUD  |b FDOBUD  |d 2019-11-22  |h v.11  |i 468625K  |o 820 MOO 1835  |p 468625K  |r 2019-11-22  |t 1  |w 2019-11-22  |y BK_X  |k BUD 
952 |0 0  |1 0  |4 0  |6 820_000000000000000_MOO_1835  |7 0  |8 X  |9 437389  |a FDOBUD  |b FDOBUD  |d 2019-11-22  |h v.12  |i 4686268  |o 820 MOO 1835  |p 4686268  |r 2019-11-22  |t 1  |w 2019-11-22  |y BK_X  |k BUD 
952 |0 0  |1 0  |4 0  |6 820_000000000000000_MOO_1835  |7 0  |8 X  |9 437390  |a FDOBUD  |b FDOBUD  |d 2019-11-22  |h v.13  |i 4686276  |o 820 MOO 1835  |p 4686276  |r 2019-11-22  |t 1  |w 2019-11-22  |y BK_X  |k BUD 
952 |0 0  |1 0  |4 0  |6 820_000000000000000_MOO_1835  |7 0  |8 X  |9 437391  |a FDOBUD  |b FDOBUD  |d 2019-11-22  |h v.14  |i 4686284  |o 820 MOO 1835  |p 4686284  |r 2019-11-22  |t 1  |w 2019-11-22  |y BK_X  |k BUD 
952 |0 0  |1 0  |4 0  |6 820_000000000000000_MOO_1835  |7 0  |8 X  |9 437392  |a FDOBUD  |b FDOBUD  |d 2019-11-22  |h v.15  |i 4686292  |o 820 MOO 1835  |p 4686292  |r 2019-11-22  |t 1  |w 2019-11-22  |y BK_X  |k BUD 
952 |0 0  |1 0  |4 0  |6 820_000000000000000_MOO_1835  |7 0  |8 X  |9 437393  |a FDOBUD  |b FDOBUD  |d 2019-11-22  |h v.16  |i 4686306  |o 820 MOO 1835  |p 4686306  |r 2019-11-22  |t 1  |w 2019-11-22  |y BK_X  |k BUD 
952 |0 0  |1 0  |4 0  |6 820_000000000000000_MOO_1835  |7 0  |8 X  |9 437394  |a FDOBUD  |b FDOBUD  |d 2019-11-22  |h v.17  |i 4686314  |o 820 MOO 1835  |p 4686314  |r 2019-11-22  |t 1  |w 2019-11-22  |y BK_X  |k BUD